Yüklüyor......

Choothattakkaran

Detaylı Bibliyografya
Yazar: Dostovsky
Materyal Türü: Printed Book
Dil:Undetermined
Baskı/Yayın Bilgisi: Kottayam DC Books 2010
LEADER 00487nam a2200157Ia 4500
008 140316s9999 xx 000 0 und d
020 |a 8126409304 
082 |a 813.1  |b DOS/CH 
100 |a Dostovsky 
245 |a Choothattakkaran 
260 |a Kottayam  |b DC Books  |c 2010 
300
650
942 |2 ddc  |c BK 
999 |c 12153  |d 12153 
952 |0 0  |1 0  |2 ddc  |4 0  |6 813_100000000000000_DOSCH  |7 0  |9 13378  |a KAUCLV  |b KAUCLV  |c GENERAL  |d 2014-03-18  |l 6  |o 813.1 DOS/CH  |p 221255  |r 2019-09-16  |s 2019-09-16  |w 2014-03-18  |y BK